000 01663nam a22002657a 4500
005 20090605120044.0
008 090605t xxu||||| |||| 00| 0 eng d
010 _aENG-93900-01
020 _c880.00(set price)
035 _aEN-77433-34
037 _bDBAD / PUB
040 _adpl
_bEnglish
082 _a361.763
245 _aNabhi's handbook for NGO's:
_ban encyclopaedia for non-government organisations and voluntary agencies
250 _a2nd ed.
260 _aNew Delhi
_bNabhi Publications
_c2008
270 _aP.O. Box No. 37,
_bNew Delhi
_e110001
300 _a2v.(xxx, 400p.; xxxv, 401-1276p.)
_c25cm(pbk)
500 _aThis book published in 2 volumes and set price is 880.00
505 _av.1-Project prposal & implementation, Illustrative projects, Fund Raising, Taxation, Legal Aids, PIL, RTI, Formation, Management and other day to day work; v.2-All government aid schemes & facilities for NGO's with applications forms
650 _aNon-government organizations
942 _2ddc
_cEN
_mNAB
_h361.763
999 _c27255
_d27255